000
00290nam a22001337a 4500
008
210301b ||||| |||| 00| 0 eng d
041
_a
eng
080
_a
510
082
_a
510
100
_a
36
101
_a
MAT
245
_a
Basic Technical Mathematics
_c
Crooks, TH. C
942
_2
udc
_c
BK
999
_c
55368
_d
55368